|
|
|
|
| LEADER |
00000nab a2200000ua 4500 |
| 001 |
vtls010763128 |
| 003 |
SK-MaSNL |
| 005 |
20260304203258.0 |
| 008 |
250718s1976 xo |||||||||||||||||slo| |
| 035 |
|
|
|a (urnnbn)urn:nbn:sk:snk:ar-x00d5i
|
| 035 |
|
|
|a (uuid)64d0e183-9a83-4c7c-954b-7c93d16ad2d9
|
| 035 |
|
|
|a urn:nbn:sk:snk-ab45je
|
| 040 |
|
|
|a SNKBUCL
|b slo
|c SNKBUCL
|e AACR2
|
| 041 |
0 |
|
|a slo
|
| 044 |
|
|
|a xo
|c SK
|
| 100 |
1 |
|
|a Vaverčáková, M.
|4 aut
|9 1535800
|
| 245 |
1 |
0 |
|a Mäsové pokrmy, ich sortiment, frekvencia a obľúbenosť
|c M. Vaverčáková
|
| 650 |
0 |
7 |
|a školské stravovanie
|2 SNKPH
|9 71306
|
| 650 |
0 |
7 |
|a mäsové výrobky
|2 SNKPH
|9 69141
|
| 650 |
0 |
7 |
|a spoločné stravovanie
|2 SNKPH
|9 68123
|
| 650 |
0 |
7 |
|a základné školy
|2 SNKPH
|9 1280
|
| 773 |
0 |
|
|t Rodina a škola
|g Roč. 23, č. 8 (1976), s. 2-[4]
|
| 850 |
|
|
|a Slovenská národná knižnica
|
| 852 |
|
|
|a Slovenská národná knižnica
|
| 954 |
|
|
|a odborná, vedecká literatúra pôvodná (slovenská)
|2 lita
|
| 958 |
|
|
|a article3
|
| 958 |
|
|
|a OND
|
| 958 |
|
|
|a EUIPO
|
| 999 |
|
|
|c 3108778
|d 3110708
|